000 00613nam a22002057a 4500
003 OSt
005 20251023063259.0
008 250930b |||||||| |||| 00| 0 eng d
020 _a978-0-470-08552-3.
040 _aDWCL-Main lib
_cOC
082 _aCirc. 641.5636 V422 2008
110 _aVegetarian Times
245 _aVegetarian times :
_bfast and easy
260 _aN. J. :
_bJohn Wiley & Sons, Inc.,
_cc2008.
300 _avii, 216 pages :
_billustration ;
_c23 cm.
504 _aIncludes index.
650 _21. Quick and easy cooking.
650 _22. Vegetarian cooking.
942 _2ddc
_cBK-CIRC
_kCirc.
_n0
999 _c4549
_d4549